Докладная записка Гатчинского дворцового управления о передаче дворцовых оранжерей в Городское общественное управление; акт Коми...

Доступно только в Электронных читальных залах Найти на картеНа карте
RUSMARC
00005512nmc2a22003613x 450
001591dae84-f6f0-4633-b79b-f21bf1d11f86
00520240621163522.0
100##$a20240619l1917 k y0rusy50 ca
1010#$arus
102##$aRU
105##$aa z |||||
1220#$ad19171231
2001#$aДокладная записка Гатчинского дворцового управления о передаче дворцовых оранжерей в Городское общественное управление; акт Комиссии садоводов об осмотре оранжерей, справка и смета расходов по садоводству
$j[19--]
215##$a6 листов
$cтабл.
$d37 х 22,8
251##$cДело
300##$aЗаголовок дела на папке: Докладная записка Гатчинского дворцового управления о передаче дворцовых оранжерей в Городское общественное управление, акт Комиссии садоводов осмотра оранжерей, справка и смета расходов по садовой части
300##$aНа папке дела: Из россыпи
300##$aНа папке дела: 6 июня 1917 г.
300##$aЧасть текста машинописная с рукописными пометками, часть – напечатана типографским способом
324##$aВ деле имеются копии отдельных документов
461#0$100193b2a3d9-016f-4617-90d8-337fdac504ff
$12001
$aКанцелярия комиссара Временного правительства над бывшим Министерством двора
$1251
$cФонд
$1852
$j1907
462#0$1001ea4c92a2-c68c-44ab-b89c-72127937c4f0
$12001
$a1917 г.
$vД. 12
$1251
$cОпись
$1852
$j1
5171#$aДокладная записка Гатчинского дворцового управления о передаче дворцовых оранжерей в Городское общественное управление, акт Комиссии садоводов осмотра оранжерей, справка и смета расходов по садовой части
60102$aВременное правительство. Комиссар над бывшим Министерством двора. Канцелярия
60102$3RU\NLR\AUTH\889969337
$aГатчинское дворцовое управление
60102$aКомиссия садоводов
605##$3DITM\AF\0000002775
$aВласть
$lколлекция
$2acquisition_prlib
6101#$aПередача дворцовых оранжерей
$aГородское общественное управление
686##$a63.3(2)535-332ю1
$cИстория
$2rubbk
686##$a67.400.6ю1
$cПраво
$2rubbk
801#0$aRU
$bGA_RF
801#1$aRU
$bГлавНИВЦ
$c20240619
$2rusmarc
801#2$aRU
$bПБ им. Б.Н. Ельцина
$c20240621
$gRCR
$2rusmarc
852##$aГА РФ
$j12
937##$d192509021
$hГАРФ
035##$aRuPRLIB51076783
856##$uhttp://readingroom.main.prlib.ru/item.aspx?id_node=n192509021&mode=full
Формат отображения